La metrópoli del futuro
Salvato in:
| Autore principale: | |
|---|---|
| Natura: | Libro |
| Lingua: | spagnolo |
| Pubblicazione: |
Ciudad de México
Libreros Mexicanos Unidos
1964
|
| Serie: | El Mundo de Hoy
|
| Soggetti: | |
| Tags: |
Aggiungi Tag
Nessun Tag, puoi essere il primo ad aggiungerne!!
|
MARC
| LEADER | 00000nam a2200000 a 4500 | ||
|---|---|---|---|
| 001 | UCS2433 | ||
| 003 | CL-VaPUC | ||
| 008 | 970526e19640000MX |||||||||||||||||spa|d | ||
| 082 | 0 | 4 | |a 711.4 |b ROD |2 21 |
| 100 | 0 | |a Rodwin, Lloyd |e author |9 387850 | |
| 245 | 1 | 3 | |a La metrópoli del futuro |
| 300 | |a 298 p | ||
| 942 | |c BK | ||
| 945 | |d 19970526 00:00:00 |a lriquelm | ||
| 260 | |a Ciudad de México |b Libreros Mexicanos Unidos |c 1964 | ||
| 650 | 0 | |a Planificación urbana |9 258176 | |
| 650 | 7 | |a DESARROLLO URBANO |2 CL-VaPUC |9 387851 | |
| 650 | 0 | |a Ciudades |9 265474 | |
| 650 | 0 | |a Renovación urbana |9 256385 | |
| 583 | |a last modification |c 19970526 00:00:00 |k Rodrigo Vera | ||
| 490 | 0 | |a El Mundo de Hoy | |
| 999 | |c 260391 |d 260389 | ||
| 952 | |0 0 |1 0 |4 0 |6 711_400000000000000_ROD_1964 |7 0 |8 P |9 286489 |a BIBDER |b BIBDER |d 2019-11-19 |i 1862928 |o 711.4 ROD 1964 |p 1862928 |r 2023-01-25 |w 2019-11-19 |y BK |k DER | ||